000 00400cam a2200145 a 4500
020 _a0697146332 (pbk.)
040 _cDLC
082 _a328 BRO 1995 A067 Or.
100 1 _aFrantzich, Stephen E.
245 1 0 _aCongress :
_bgames and strategies /
260 _aMadison :
_bBrown & Benchmark Publishers,
_cc1995.
300 _axvi, 315 p. :
_bill. ;
_c24 cm.
700 1 _aSchier, Steven E.
942 _cEK
999 _c14308
_d14308